Normal view
MARC view
Entry Personal Name
001 - CONTROL NUMBER
- control field: 619002
003 - CONTROL NUMBER IDENTIFIER
- control field:
005 - DATE AND TIME OF LATEST TRANSACTION
- control field: 20210603145749.0
008 - FIXED-LENGTH DATA ELEMENTS
- fixed length control field: 210603|| aca||aabn | a|a d
040 ## - CATALOGING SOURCE
- Original cataloging agency:
- Transcribing agency:
100 ## - HEADING--PERSONAL NAME
- Personal name: Pratter, Frederick E.
670 ## - SOURCE DATA FOUND
- Source citation: Work cat.: (): Fowler, Floyd J. 284462, Gambling law enforcement in major American cities :, 1978
